000 01203nam a2200277Ia 4500
003 OSt
005 20221005103603.0
006 a|||||r|||| 00| 0
007 ta
008 221004b |||||||| |||| 00| 0 hin d
020 _a9788186103371 (hbk)
_c300
024 _a108270
037 _b537, 14/03/2011, Eastern Book Linkers
_cTextual
040 _aCRL
_cCRL
_bhin
041 _2hin
_ahin
082 _aR2, 152Q0
100 _aतातेड़, सोहन राज
245 0 _aज्ञान मीमांसा की समीक्षात्मक विवेचना
_b प्राच्य और पाश्चात्य
246 _aJnyān mīmāansā kī samīkṣhātmak vivechanā: prāchya aur pāshchātya
260 _aजोधपुर
_bमिनर्वा पब्लिकेशन भारत
_c2010
300 _a176पृ0
_ccm.
650 _aधर्मशास्त्र
700 _a विद्यासागर सिंह
942 _hR2, 152Q0
_cTEXL
_2cc
999 _c1010353
_d1010353